000 00339 a2200133 4500
001 73168
082 _a604.24 FRE
090 _c38865
_d38865
100 _aFrench, T.E
245 _aFundamentals of engineering drawing and graphic technology 4th Ed
_hEnglish
250 _a4
260 _aLondon
_bMc graw hill
_c1987
300 _a1978p
942 _aNUST-CAE
_k604.24 FRE
999 _c308241
_d308241